000 00357nam a2200133Ia 4500
008 240624s9999 xx 000 0 und d
041 _aeng
082 _a387.712 BOY
100 _aBOYD E ANDREW
245 _aFUTURE OF PRICING HOW AIRLINE TICKET PRI
260 _c2007
_aLondon
_bPalgrave Macmillan
300 _ax, : 192 : p. : cm. ; 24
365 _cGBP
_b30
999 _c26673
_d26673